000 02555nam a2200421 a 4500
001 164310
003 BLK
005 20240724152005.0
008 180410b bul|||||r ||||||| ||bul||
010 _aKNG00171820000
040 _aBLK
041 _aBUL
_cBUL
072 7 _2bullib
_aК
_xКраезнание
080 _aВоенна история - Военни походи, битки, героични подвизи. Вж и 93/99
_b355.48
_x(497.2)
_z355.48(497.2)
080 _aБългария през периода (1885-1900)
_b94(497.2)"1885/1900"
_z94(497.2)"1885/1900"
100 1 _aМитев, Йоно
_eпърви автор
_9368263
139 _aИстория на Сръбско-българската война 1885
_bИ 95
245 1 0 _aИстория на Сръбско-българската война 1885
_cЙоно Митев; ред. кол. Генчо Камбуров; под общ. ред. на Йоно Митев.
257 _aBGR
260 _aСофия
_bДърж. воен. изд.
_c1971
300 _a492 с.
_bс портр., 17 л. к.
_c23 см
380 _a3
500 _aДруги авт. : Стилиян Ст. Нойков, Цонко Теков, Иван Кр. Маринов, Тодор Рошавелов, Генчо Р. Камбуров, Димитър Христов, Борис. Ст. Чолпанов, Стоян Д. Пенков, Димитър Р. Радулов, Атанас Г. Пейчев, Борис П. Куюмджиев, Георги Г. Гинчев, Веселин Й. Иванчев, Ради Б. Боев, Лиляна Венкова-Илиева, отбелязяни на гърба на загл. с. ; Други ред. : Стоян Д. Пенков, Георги Г. Гинчев, Стилиян Ст. Нойков, Борис Ст. Чолпанов. - 3 400 тир. - Библиогр. с. 444-454
650 4 _aСръбско-българска война, 1885 г.
_9252722
651 4 _aБългария
_9241624
653 _aСръбско-българска война
659 _aК
700 1 _aКамбуров, Генчо
_eред. кол.
_9382056
700 1 _aМитев, Йоно
_eпод общ. ред. на
_9368263
852 _aЦб 59033
_bЦб
852 _aК 355/359/И 95
856 4 _qpdf
856 4 _qpdf
942 _cKNG
_n0
_01
_s1
944 _aCR
_c21.02.2015
_lХристина Везирева
_k30535
944 _aED
_c21.02.2015
_l21.02.2015 - от С1,Р / 21.02.2015
999 _c164310
_d164310
999 _d164310